000 00943cab a2200253 4500
001 WB3437-28
008 090401t1998 xxu||||| |||| 00| 0 eng d
035 _a(Sirsi) u88776
041 _aeng
245 _aCowboy round-up
260 _c1998
350 _a0
490 _aEvening Standard
_v30 September 1998, 2.11(1)
520 _aARLA and the National Federation of Residential Landlords are proposing to introduce a code of conduct for private landlords. Under the scheme, landlords would pay tenants deposits into a rent deposit account which would be controlled by an industry ombudsman.
650 _aARLA
650 _aNATIONAL FEDERATION OF RESIDENTIAL LANDLORDS
650 _aOMBUDSMAN
650 _aPRIVATE LANDLORDS
650 _aRENT ARREARS
650 _aRENTED ACCOMMODATION
690 _aPROPERTY-RESIDENTIAL PROPERTY-RESIDENTIAL LANDLORD AND TENANT-RESIDENTIAL TENANCIES
942 _n0
948 _c01/10/1998
999 _c56128
_d56128